[Event "Mechanics' Whitehead TNM; 30/90, SD/30"]
[Site "San Francisco"]
[Date "2014.08.12"]
[Round "2.29"]
[White "Yamamoto, Craig"]
[Black "Eastham, Lorraine"]
[Result "1-0"]
[WhiteElo "1593"]
[BlackElo "1229"]
[Annotator "Winslow,Elliott C"]
[PlyCount "149"]
[EventDate "2014.??.??"]

1. e4 e5 2. Nf3 Nc6 3. Bc4 Bc5 4. Nc3 Nf6 5. h3 O-O 6. O-O d6 7. d3 h6 8. Na4
Bb6 9. Nxb6 axb6 10. a3 Be6 11. Nd2 d5 12. Ba2 Qd7 13. Kh2 Rfd8 14. exd5 Bxd5
15. Bxd5 Qxd5 16. Qf3 Nd4 17. Qd1 Nf5 18. Qf3 Nh4 19. Qxd5 Nxd5 20. Rb1 f6 21.
g3 Nf5 22. Nf3 Nde7 23. Bd2 Nc6 24. Be3 b5 25. Rfc1 b6 26. Kg2 b4 27. axb4 Nxb4
28. Bd2 Nc6 29. Bc3 Nce7 30. Ra1 c5 31. Rxa8 Rxa8 32. g4 Nd6 {
slowly it starts to go Black's way} 33. Ne1 Ng6 34. Bd2 Ra2 35. b3 Ne7 36. f3
Nd5 37. h4 g5 ({Just} 37... Nb5 {and ...Nd4, and White falls apart.}) 38. hxg5
hxg5 39. Kg3 b5 40. Rb1 b4 41. Rc1 Nb5 42. Ng2 Nd4 43. Kf2 Rxc2 (43... Nxb3 $1
44. cxb3 Rxd2+ 45. Kf1 Nc3 46. Ne1 Rb2 {mops up}) 44. Rxc2 Nxc2 45. Ne3 Ncxe3
46. Bxe3 Nxe3 (46... Nf4 $1 47. Ke1 Ne6) 47. Kxe3 Kf7 48. Ke4 Ke6 49. Ke3 Kd5
50. Ke2 Ke6 51. Kd2 f5 52. Ke2 f4 53. Ke1 Ke7 54. Kd1 Kd7 55. Kc1 Ke6 56. Kd1
Kd5 57. Kc2 Kd4 58. Kd2 c4 59. dxc4 e4 60. fxe4 Kxe4 61. Ke2 f3+ $4 {
As it turns out: suicide. Just take the draw!} 62. Kf2 {
and the computer informs us, mate in 28.} Kf4 63. c5 Ke5 64. Kxf3 Kd5 65. c6
Kxc6 66. Ke4 Kd6 67. Kf5 Kd7 68. Kxg5 Ke7 69. Kf5 (69. Kh6 Kf7 70. g5 Kg8 71.
Kg6 Kf8 72. Kh7 {when there's no need to trek after the b-pawn.}) 69... Kf7 70.
Ke5 Kg6 71. Kd5 Kg5 72. Kc5 Kxg4 73. Kxb4 Kf5 74. Kc5 Ke6 75. Kc6 1-0

[Event "Mechanics' SummerTNM; 30/90, SD/30"]
[Site "San Francisco"]
[Date "2014.05.27"]
[Round "1.8"]
[White "Yamamoto, Craig"]
[Black "Eytan, David"]
[Result "1-0"]
[WhiteElo "1557"]
[BlackElo "1595"]
[PlyCount "94"]
[EventDate "2014.??.??"]

1. e4 c5 2. Nf3 Nc6 3. d4 cxd4 4. Nxd4 g6 5. c3 Bg7 6. Be3 Nf6 7. f3 O-O 8. Qd2
e6 9. Na3 Nh5 10. O-O-O f5 11. exf5 exf5 12. Bc4+ d5 13. Bb3 f4 14. Bf2 Ne5 15.
Ne2 Bf5 16. Qxd5+ Qxd5 17. Rxd5 Kh8 18. Rhd1 Rae8 19. Nd4 Nd3+ 20. Rxd3 Bxd3
21. Ne6 Rxe6 22. Rxd3 Re2 23. Rd2 Rfe8 24. Kd1 R2e7 25. Bxa7 Re1+ 26. Kc2 Nf6
27. Bc4 Rh1 28. g3 fxg3 29. hxg3 Bh6 30. Rd6 Rh2+ 31. Kb3 Nh5 32. g4 Nf4 33.
Nb5 Ne2 34. Bd5 Nc1+ 35. Ka3 Bg7 36. Be4 Ra8 37. Bxb7 Rxa7+ 38. Nxa7 Bf8 39.
Nb5 Rd2 40. c4 Bxd6+ 41. Nxd6 Rxd6 42. c5 Rd3+ 43. Kb4 Nxa2+ 44. Kc4 Rd2 45. b3
Rc2+ 46. Kb5 Nc3+ 47. Kb6 Nd5+ $4 {An inexplicable blunder that completely
changes the result of the game. Black did not wait around for White to capture
the knight and immediately resigned.} 1-0

[Event "Mechanics' Winter TNM; 30/90, SD/30"]
[Site "San Francisco"]
[Date "2014.02.04"]
[Round "5.34"]
[White "Yamamoto, Craig"]
[Black "Friedrich, Joseph"]
[Result "1-0"]
[WhiteElo "1500"]
[BlackElo "1285"]
[PlyCount "45"]
[EventDate "2014.??.??"]

1. e4 e6 2. d4 c5 3. d5 g6 4. dxe6 fxe6 5. h4 Be7 6. h5 g5 7. h6 Nf6 8. e5 Nd5
9. c4 Nf4 10. Bxf4 gxf4 11. Qh5+ Kf8 12. Qf3 Bg5 13. g3 d5 14. gxf4 Be7 15. f5
exf5 16. cxd5 Qe8 17. e6 Qg6 18. Bd3 c4 19. Bxf5 Qf6 20. Nc3 Bb4 21. O-O-O Ke7
22. Ne4 Qd4 23. Rxd4 1-0

[Event "Mechanics' Winter TNM; 30/90, SD/30"]
[Site "San Francisco"]
[Date "2014.01.07"]
[Round "1.8"]
[White "Yamamoto, Craig"]
[Black "Grey, Peter"]
[Result "0-1"]
[WhiteElo "1500"]
[BlackElo "2000"]
[PlyCount "56"]
[EventDate "2014.??.??"]

1. e4 e5 2. Bc4 Nf6 3. Nf3 Nc6 4. c3 Nxe4 5. Qe2 d5 6. Bb5 Bd6 7. Bxc6+ bxc6 8.
d3 Nf6 9. Nxe5 O-O 10. Nf3 Re8 11. Be3 Ng4 12. h3 Nxe3 13. fxe3 Bf4 14. exf4
Rxe2+ 15. Kxe2 Qd6 16. g3 Ba6 17. Ne5 f6 18. Nf3 Re8+ 19. Kd2 Qd7 20. Rh2 c5
21. Na3 Qf5 22. Ne1 h5 23. h4 Qg4 24. Rg2 f5 25. c4 Bb7 26. Rg1 Qe2+ 27. Kc1
Qe3+ 28. Kc2 Qxg1 0-1

[Event "Mechanics' Fall TNM; 30/90, SD/30"]
[Site "San Francisco"]
[Date "2014.10.21"]
[Round "1.7"]
[White "Yamamoto, Craig"]
[Black "Nagarajan, Pranav"]
[Result "0-1"]
[WhiteElo "1625"]
[BlackElo "2172"]
[Annotator "Donaldson"]
[PlyCount "60"]
[EventDate "2014.??.??"]

1. e4 c5 2. Nf3 Nc6 3. d4 cxd4 4. Nxd4 g6 5. c4 Nf6 6. Nc3 d6 7. Be2 Nxd4 8.
Qxd4 Bg7 9. O-O O-O 10. f4 $6 (10. Qe3) (10. Qd3) 10... Ng4 11. Qd3 $2 {
Diagram #} (11. e5 dxe5 12. Qxd8 Rxd8 13. h3 $11) 11... Qb6+ 12. Kh1 Nf2+ 13.
Rxf2 Qxf2 14. Be3 Qh4 15. g3 (15. Nd5 b6 16. g3 Qh3 17. Nxe7+ Kh8 18. Bd4 Bb7
19. Bxg7+ Kxg7 $17) 15... Qf6 16. Nd5 Qxb2 17. Rb1 Qxa2 18. Nxe7+ Kh8 19. Nxc8
Raxc8 20. Rxb7 a5 21. Rd7 Rcd8 22. Ra7 Kg8 23. Bb6 Qa1+ 24. Kg2 Rb8 25. Bc7 Rb2
26. Bxd6 Qe1 27. Bxf8 Rxe2+ 28. Kf3 Qf2+ 29. Kg4 Qxh2 30. Kf3 Rf2+ 0-1

[Event "Mechanics' Spring TNM; 30/90, SD/30"]
[Site "San Francisco"]
[Date "2014.04.22"]
[Round "6.28"]
[White "Yamamoto, Craig"]
[Black "Paquette, James"]
[Result "1-0"]
[WhiteElo "1500"]
[BlackElo "1331"]
[PlyCount "121"]
[EventDate "2014.??.??"]

1. e4 e5 2. Nc3 Nc6 3. f4 exf4 4. Nf3 Bb4 5. d4 Nf6 6. Bd3 d5 7. O-O Bxc3 8.
bxc3 dxe4 9. Re1 Bf5 10. Bb5 O-O 11. Bxc6 bxc6 12. Ne5 e3 13. Ba3 Re8 14. Qf3
Qd5 15. Nxc6 Qxf3 16. gxf3 Bxc2 17. Rac1 Bf5 18. Ne7+ Rxe7 19. Bxe7 Nd5 20. Bc5
a6 21. c4 Nf6 22. Be7 Rb8 23. Bxf6 gxf6 24. Re2 Bd3 25. Rg2+ Kf8 26. Rg4 Rb1
27. Rxb1 Bxb1 28. a3 e2 29. Kf2 Bd3 30. Rxf4 Ke7 31. c5 Ke6 32. Ke1 Kd5 33.
Rxf6 Kxd4 34. Rxf7 Kxc5 35. Rxc7+ Kd6 36. Rc8 Ke5 37. Re8+ Kf4 38. Kf2 Bb5 39.
Rxe2 Bxe2 40. Kxe2 a5 41. a4 h5 42. Kf2 h4 43. h3 Kf5 44. Ke3 Ke5 45. f4+ Kf5
46. Kf3 Kf6 47. Kg4 Kg6 48. Kxh4 Kf5 49. Kg3 Kg6 50. Kg4 Kf6 51. f5 Kg7 52. Kg5
Kf7 53. f6 Kg8 54. Kg6 Kh8 55. Kf7 Kh7 56. Ke7 Kg6 57. f7 Kg7 58. f8=Q+ Kh7 59.
Qf6 Kg8 60. Qg5+ Kh8 61. Kf7 1-0

[Event "Mechanics' Spring TNM; 30/90, SD/30"]
[Site "San Francisco"]
[Date "2014.05.06"]
[Round "8.13"]
[White "Yamamoto, Craig"]
[Black "Sherwood, Peter"]
[Result "1-0"]
[WhiteElo "1500"]
[BlackElo "1808"]
[PlyCount "115"]
[EventDate "2014.??.??"]

1. e4 c5 2. Nf3 d6 3. d4 cxd4 4. Nxd4 Nf6 5. Nc3 a6 6. f3 e5 7. Nb3 Be6 8. Be3
Be7 9. Qd2 Nbd7 10. O-O-O Qc7 11. Kb1 O-O 12. g4 Nb6 13. h4 Rfd8 14. Qh2 d5 15.
Bxb6 Qxb6 16. g5 Nd7 17. Nxd5 Bxd5 18. Rxd5 Rac8 19. Bh3 Qc7 20. Rxd7 Rxd7 21.
Bxd7 Qxd7 22. Qxe5 Bd6 23. Qd5 Qc7 24. c3 Rd8 25. Qa5 Qe7 26. Qb6 Bf4 27. Qf2
Rd3 28. Qe2 Qd7 29. Kc2 Re3 30. Qf1 Qa4 31. Kb1 g6 32. Qd1 Qb5 33. Qd8+ Kg7 34.
Qf6+ Kg8 35. Qxf4 Qd3+ 36. Kc1 Re2 37. Nd4 Rf2 38. Rd1 Rf1 39. Qd2 Qxd2+ 40.
Kxd2 Rf2+ 41. Kc1 Rh2 42. Rg1 Rxh4 43. c4 h5 44. gxh6 Rxh6 45. Kc2 Rh2+ 46. Kc3
Rh5 47. b4 Re5 48. c5 Re7 49. Kc4 Re5 50. a4 Kf8 51. b5 axb5+ 52. axb5 Ke8 53.
Ra1 Re7 54. Ra7 Rd7 55. c6 bxc6 56. Nxc6 Rd1 57. Ra8+ Kd7 58. Rd8+ 1-0

[Event "Mechanics' Whitehead TNM; 30/90, SD/30"]
[Site "San Francisco"]
[Date "2014.09.02"]
[Round "5.30"]
[White "Yamamoto, Craig"]
[Black "Simpkins, Jerry"]
[Result "1-0"]
[WhiteElo "1593"]
[BlackElo "1480"]
[Annotator "Donaldson"]
[PlyCount "95"]
[EventDate "2014.??.??"]

1. e4 e5 2. Bc4 Nf6 3. Nc3 Nxe4 4. Nxe4 d5 5. Bd3 dxe4 6. Bxe4 f5 7. Bf3 e4 8.
Be2 Be6 9. d3 Bd6 10. dxe4 fxe4 11. Bh5+ g6 12. Qd4 O-O 13. Bh6 Rf7 14. Qxe4
Bd5 15. Qg4 {Diagram #} Qe7+ $2 (15... Qe8+ $1 16. Ne2 (16. Be3 Be6 17. Qe4
gxh5 18. Qxb7 Nd7 {and the rook on a8 is defended.}) 16... Be6 {wins a piece.})
16. Be3 Be6 17. Qe4 Nc6 (17... gxh5 18. Qxb7 {
and the rook is not defended after ...Nd7.}) 18. Bg4 Bxg4 19. Qxg4 Bf4 20.
O-O-O Bxe3+ 21. fxe3 Qxe3+ 22. Kb1 Rf2 23. Nh3 Rd2 24. Rxd2 Qxd2 25. Rd1 Qe3
26. Nf4 Re8 27. Nxg6 hxg6 28. Qxg6+ Kh8 29. Qf6+ Kh7 $11 30. Qf7+ Kh6 31. Qf6+
Kh5 $4 (31... Kh7 $11) 32. h3 $1 Qg3 33. Qf7+ Qg6 34. g4+ Kh6 35. g5+ $1 Kh5
36. Qf3+ Kxg5 37. Rg1+ Kh6 38. Rxg6+ Kxg6 39. Qg3+ Kf7 40. Qxc7+ Re7 41. Qf4+
Ke8 42. c3 Re2 43. Qg4 Re1+ 44. Kc2 Ne5 45. Qg3 Re2+ 46. Kd1 Re4 47. Qg8+ Ke7
48. Qh7+ 1-0

[Event "Mechanics' Whitehead TNM; 30/90, SD/30"]
[Site "San Francisco"]
[Date "2014.09.16"]
[Round "7.28"]
[White "Yamamoto, Craig"]
[Black "Wishard, Bruce"]
[Result "1-0"]
[WhiteElo "1593"]
[BlackElo "1412"]
[PlyCount "95"]
[EventDate "2014.??.??"]

1. e4 e5 2. Bc4 Nc6 3. Nf3 h6 4. d4 d6 5. dxe5 dxe5 6. Qxd8+ Kxd8 7. Bxf7 Nf6
8. O-O Bg4 9. Nbd2 Ke7 10. Bb3 Rd8 11. Re1 Nd4 12. Nxe5 Nxb3 13. Ng6+ Kf7 14.
Nxh8+ Kg8 15. axb3 Kxh8 16. Rxa7 Rb8 17. h3 Bd7 18. Nc4 Bc6 19. e5 Re8 20. Kf1
Ne4 21. Be3 Bd5 22. f3 Ng3+ 23. Kg1 Kh7 24. Bf2 Nf5 25. g4 Ne7 26. f4 Ng6 27.
f5 Nf4 28. Kh2 Rc8 29. Be3 Ng2 30. Re2 Nxe3 31. Nxe3 Bc5 32. Ra5 Bxe3 33. Rxe3
Bc6 34. Rc5 Rd8 35. Rxc6 bxc6 36. Rc3 Re8 37. e6 Re7 38. Rxc6 Kg8 39. Kg3 Kf8
40. Kf4 Kg8 41. Ke5 Kf8 42. h4 Kg8 43. b4 Kf8 44. b5 Kg8 45. c4 Kf8 46. c5 Ke8
47. b6 cxb6 48. Rc8# 1-0

[Event "Mechanics' SummerTNM; 30/90, SD/30"]
[Site "San Francisco"]
[Date "2014.06.17"]
[Round "4.16"]
[White "Yamamoto, Shu"]
[Black "Cherkes, David"]
[Result "0-1"]
[WhiteElo "1772"]
[BlackElo "1965"]
[PlyCount "54"]
[EventDate "2014.??.??"]

1. d4 Nf6 2. Nf3 g6 3. e3 Bg7 4. Bd3 O-O 5. c4 c5 6. Nc3 d6 7. O-O Nbd7 8. Qc2
a6 9. Bd2 b6 10. a3 Bb7 11. d5 Rc8 12. Rab1 Ng4 13. e4 Nge5 14. Be2 Nxf3+ 15.
Bxf3 e6 16. Qc1 exd5 17. exd5 Ne5 18. Be2 Re8 19. Bh6 Bh8 20. Qf4 Qf6 21. Qg3
Qd8 22. Ne4 Nxc4 23. Qf4 Rxe4 24. Qf3 $4 Rh4 25. Bxc4 Rxc4 26. Be3 Qf6 27. Qg3
Qe5 0-1

[Event "Mechanics' SummerTNM; 30/90, SD/30"]
[Site "San Francisco"]
[Date "2014.07.08"]
[Round "7.24"]
[White "Yamamoto, Shu"]
[Black "Yamamoto, Craig"]
[Result "1-0"]
[WhiteElo "1772"]
[BlackElo "1577"]
[PlyCount "41"]
[EventDate "2014.??.??"]

1. d4 d5 2. c4 c6 3. Nc3 Nf6 4. e3 g6 5. Nf3 Bg7 6. Be2 O-O 7. O-O Nbd7 8. Re1
Re8 9. h3 dxc4 10. Bxc4 e5 11. Ng5 Re7 12. dxe5 Nd5 13. Nxd5 cxd5 14. Qxd5 Qe8
15. e6 fxe6 16. Nxe6 Nb6 17. Nxg7+ Kxg7 18. Qd4+ Re5 19. f4 Nxc4 20. fxe5 Nxe5
21. b3 1-0

[Event "Mechanics' SummerTNM; 30/90, SD/30"]
[Site "San Francisco"]
[Date "2014.06.03"]
[Round "2.32"]
[White "Zaman, Ahyan"]
[Black "Louie, Henry"]
[Result "1/2-1/2"]
[WhiteElo "969"]
[BlackElo "1517"]
[Annotator "Donaldson"]
[PlyCount "75"]
[EventDate "2014.??.??"]

1. e4 e5 2. Nf3 Nf6 3. Nxe5 d6 4. Nf3 Nxe4 5. Qe2 Qe7 6. Nc3 (6. d3 Nf6 7. Bg5
Qxe2+ 8. Bxe2) 6... Nf6 (6... Nxc3) 7. Qxe7+ Bxe7 8. Bc4 O-O 9. O-O Bf5 10. Nb5
(10. Bb3 Nc6 11. d4) (10. d3) 10... Na6 11. Ng5 (11. d3) 11... Bxc2 12. Nd4 (
12. Bxf7+ Rxf7 13. Nxf7 Kxf7) 12... Bg6 13. Re1 Rfe8 14. d3 d5 15. Bb5 c6 16.
Nxc6 Bb4 (16... bxc6 17. Bxa6) 17. Rxe8+ Rxe8 18. Be3 bxc6 19. Bxa6 h6 20. Nf3
Ba5 21. Rc1 Ng4 22. Bd4 Bb6 23. Bxb6 axb6 24. h3 Nf6 25. Kf1 c5 (25... Ra8 26.
Bb7 Bxd3+) 26. Bb5 Re7 27. Re1 Kf8 28. Nh4 Nd7 (28... Bh7) 29. Rxe7 Kxe7 30.
Nxg6+ fxg6 31. Ke2 Nf6 32. Ba4 (32. d4 c4 (32... cxd4 33. Kd3)) 32... Kd6 33.
Bd1 b5 34. Kd2 Ke5 35. g3 Kd4 36. f4 (36. h4 c4 37. Bc2) 36... Ne8 37. Bg4 Nd6
38. Bd7 1/2-1/2

[Event "Mechanics' SummerTNM; 30/90, SD/30"]
[Site "San Francisco"]
[Date "2014.06.10"]
[Round "3.29"]
[White "Zaman, Ahyan"]
[Black "McKellar, Daniel"]
[Result "0-1"]
[WhiteElo "969"]
[BlackElo "1529"]
[Annotator "Donaldson"]
[PlyCount "32"]
[EventDate "2014.??.??"]

1. e4 e6 2. d4 d5 3. e5 c5 4. c3 Nc6 5. Nf3 Bd7 6. Bb5 cxd4 (6... Nxe5) 7. cxd4
(7. Bxc6 bxc6 8. cxd4 c5) 7... Be7 (7... Nxe5) 8. O-O Nxe5 9. Nxe5 Bxb5 10. Qf3
Nf6 11. Re1 O-O 12. Qg3 Ne4 13. Qg4 Qb6 14. Bh6 Bf6 15. Nd7 Bxd7 16. f3 Qxd4+
0-1

[Event "Mechanics' SummerTNM; 30/90, SD/30"]
[Site "San Francisco"]
[Date "2014.07.08"]
[Round "7.35"]
[White "Zaman, Ahyan"]
[Black "Poblete, Tyrone"]
[Result "1-0"]
[WhiteElo "969"]
[BlackElo "1293"]
[Annotator "Donaldson"]
[PlyCount "59"]
[EventDate "2014.??.??"]

1. e4 e5 2. Nf3 Nc6 3. Bc4 Nf6 4. Nc3 Bc5 5. d3 d6 6. h3 (6. Bg5) (6. Be3 Bxe3
(6... Bb6 7. Bxb6 axb6) (6... Bg4 7. Bxc5 dxc5) 7. fxe3) 6... O-O 7. Bg5 a6 (
7... Be6) 8. Nd5 Be6 9. Nxf6+ gxf6 10. Bh6 Re8 11. O-O Ne7 12. Nh4 (12. Bxe6
fxe6 13. d4 exd4 14. Nxd4 Ng6 $14) 12... Ng6 13. Nxg6 (13. Qh5) 13... fxg6 14.
Qg4 Bxc4 15. dxc4 Kf7 16. Rad1 Qe7 17. Kh1 a5 18. Qe2 (18. f4 exf4 19. Qxf4)
18... Rg8 19. f4 Ke8 20. fxe5 Qxe5 21. Bf4 (21. Qg4) (21. Bd2) 21... Qh5 22.
Qd3 g5 23. Qd5 gxf4 24. Qxh5+ Kd7 25. Qxh7+ Kc6 26. Rxf4 Raf8 27. Qf5 Rg5 28.
Qe6 Rfg8 29. Rg4 Re5 (29... Rxg4 30. Qd5+ Kb6 31. hxg4 Rh8+ 32. Qh5) 30. Qxg8
1-0

[Event "Mechanics' SummerTNM; 30/90, SD/30"]
[Site "San Francisco"]
[Date "2014.06.24"]
[Round "5.30"]
[White "Zaman, Ahyan"]
[Black "West, David Matthew"]
[Result "0-1"]
[WhiteElo "969"]
[BlackElo "1428"]
[Annotator "Winslow,Elliott C"]
[PlyCount "70"]
[EventDate "2014.??.??"]

1. e4 e6 2. d4 d5 3. e5 c5 4. c3 Nc6 5. Nf3 Bd7 6. Be3 $2 (6. Bd3) (6. Be2) (6.
a3) (6. dxc5 Bxc5 7. Bd3) 6... Qb6 7. Nbd2 $2 cxd4 $6 (7... Qxb2) 8. Nxd4 $2 (
8. cxd4 {No pawn on c3 to take after ...Qxb2}) 8... Nxd4 $2 (8... Nxe5 9. Nb5
Qd8 10. Nxa7 $17) 9. Bxd4 Qc7 (9... Qxb2 10. Rb1 Qxa2 11. Ra1 (11. Rxb7) 11...
Qb2 12. Rb1 $11) 10. Qb3 a6 11. a4 Ne7 12. Bd3 Nc6 13. O-O Nxd4 14. cxd4 Be7
15. Rfc1 Bc6 16. a5 O-O 17. Qb6 Qxb6 18. axb6 Rfc8 19. Nb3 Bd8 20. Na5 Bxb6 21.
Bxa6 Rxa6 22. b4 Bxa5 23. b5 Raa8 24. bxc6 bxc6 25. Rc5 Bb6 26. Rcc1 Rxa1 27.
Rxa1 Bxd4 28. Rb1 Bxe5 29. h3 f5 30. Kf1 Kf7 31. Rb7+ Rc7 32. Rxc7+ Bxc7 33.
Ke2 e5 34. Kd3 Ke6 35. Ke3 d4+ 0-1

[Event "Mechanics' SummerTNM; 30/90, SD/30"]
[Site "San Francisco"]
[Date "2014.06.17"]
[Round "4.14"]
[White "Zhao, Art"]
[Black "James, Charles"]
[Result "1-0"]
[WhiteElo "2111"]
[BlackElo "1517"]
[PlyCount "45"]
[EventDate "2014.??.??"]

1. d4 d5 2. c4 c6 3. Nf3 Nf6 4. Nc3 dxc4 5. a4 Bf5 6. e3 e6 7. Bxc4 a5 8. O-O
Bb4 9. Qe2 Nbd7 10. e4 Bg4 11. h3 Bxf3 12. Qxf3 O-O 13. Bg5 Be7 14. Rad1 h6 15.
Bh4 Qb6 16. e5 g5 17. exf6 Bxf6 18. Bg3 Bxd4 19. Qd3 c5 20. Nb5 Ne5 21. Bxe5
Bxe5 22. Qe4 Bg7 23. Rd6 1-0

[Event "Mechanics' SummerTNM; 30/90, SD/30"]
[Site "San Francisco"]
[Date "2014.07.15"]
[Round "8.1"]
[White "Zhao, Art"]
[Black "Lee, Andy"]
[Result "0-1"]
[WhiteElo "2111"]
[BlackElo "2320"]
[PlyCount "54"]
[EventDate "2014.??.??"]

1. d4 d5 2. c4 e5 3. dxe5 d4 4. Nf3 Nc6 5. g3 Nge7 6. Bg2 Ng6 7. O-O Ngxe5 8.
Nxe5 Nxe5 9. Bd5 c6 10. Qxd4 Qd6 11. f4 Ng4 12. h3 cxd5 13. hxg4 dxc4 14. Qxd6
Bxd6 15. Nd2 Bc5+ 16. Kg2 b5 17. a4 Bb7+ 18. Kh2 g5 19. axb5 h5 20. Kh3 hxg4+
21. Kxg4 Bg2 22. Rd1 O-O-O 23. fxg5 Rd4+ 24. e4 Bh3+ 25. Kf3 Rd3+ 26. Kf4 Be3+
27. Ke5 Bxg5 0-1

[Event "Mechanics' SummerTNM; 30/90, SD/30"]
[Site "San Francisco"]
[Date "2014.06.24"]
[Round "5.18"]
[White "Zhao, Audrey"]
[Black "Chandrasekaran, Siddarth"]
[Result "1/2-1/2"]
[WhiteElo "1788"]
[BlackElo "1597"]
[Annotator "Winslow,Elliott C"]
[PlyCount "79"]
[EventDate "2014.??.??"]

1. d4 Nf6 2. c4 c5 3. d5 b5 4. cxb5 a6 5. bxa6 Bxa6 6. Nc3 d6 7. Nf3 (7. e4
Bxf1 (7... Qa5 $5) 8. Kxf1 g6 9. g4 $5) 7... g6 8. e4 Bxf1 9. Kxf1 Nbd7 (9...
Bg7 10. g3 (10. h3 O-O 11. Kg1) 10... O-O 11. Kg2 Na6) 10. g3 Bg7 11. Kg2 O-O
12. Re1 (12. h3) (12. a4 $5 {Starting in 2010 this move got pretty popular and
successful; Benko players be warned, I might play it next time! (Even if it is
a speed game :-)}) 12... Qb6 (12... Ng4) (12... Qa5) (12... Ra6 {
were all more popular in Mega14; also seen are}) (12... Qc7) (12... Ra7) (12...
Nb6) (12... Qb8) 13. Qc2 (13. h3 $5) 13... Ng4 14. h3 Nge5 15. Nxe5 Nxe5 16. f4
Nd7 (16... Nc4 17. b3 Qa5 18. e5 Nb6 19. Bd2 c4) 17. b3 Ra6 $146 (17... Rfb8)
18. Re2 Rfa8 19. Bb2 Qb7 20. Na4 Nf6 21. Rc1 Qb5 22. Nc3 Qb7 23. a4 Nd7 (23...
Ne8 $5 {to contest a knight on b5}) 24. Nb5 Bh6 25. Qd3 Nb6 26. Rd1 c4 27. bxc4
Rxa4 28. Rc1 Nxc4 $4 29. Rxc4 Qxb5 $2 30. Qc3 $4 {1. "Always check, it might
be mate." 2. Always threaten mate in one, they may not see it."} (30. Rc8+ $18)
30... f6 $11 31. Rc8+ Bf8 32. Kf2 Qb6+ 33. Kf1 Rxc8 34. Qxc8 Qb3 35. Qe6+ $4 {
See note to White's 30th.} (35. Qc3) (35. Kf2) 35... Kg7 $19 36. Kf2 Ra2 37.
Bd4 (37. Bc1 Ra1 (37... Rxe2+ 38. Kxe2 Qxg3 39. Be3) 38. Qc8 Qd1 39. Rc2 Qd4+
40. Kf3 Ra4) 37... Rxe2+ $6 (37... Ra3 $1 38. Be3 Qb1 {
The thematic Q+R coming in from the back row. White won't survive.}) 38. Kxe2
Qxg3 $15 39. Qg4 $6 (39. Be3) 39... Qxg4+ $6 {Keep queens on?} (39... Qh2+) (
39... Qb3) 40. hxg4 1/2-1/2

[Event "Mechanics' SummerTNM; 30/90, SD/30"]
[Site "San Francisco"]
[Date "2014.06.10"]
[Round "3.18"]
[White "Zhao, Audrey"]
[Black "Furukawa, Jon"]
[Result "1-0"]
[WhiteElo "1788"]
[BlackElo "1515"]
[PlyCount "57"]
[EventDate "2014.??.??"]

1. d4 d5 2. c4 c6 3. Nf3 Nf6 4. e3 e6 5. Nc3 dxc4 6. Bxc4 Bd6 7. O-O O-O 8. e4
Bc7 9. Qc2 Nbd7 10. h3 e5 11. d5 Nb6 12. Be2 cxd5 13. exd5 Nbxd5 14. Rd1 Qe7
15. Nxd5 Nxd5 16. Rxd5 Be6 17. Rd1 Rac8 18. Be3 f5 19. Qc5 Qf6 20. Qb4 h6 21.
Bc4 Qf7 22. Bxe6 Qxe6 23. Qxb7 Rf7 24. Qd5 Qf6 25. Rac1 e4 26. Ne5 Rd8 27.
Qxf7+ Qxf7 28. Nxf7 Kxf7 29. Rxc7+ 1-0

[Event "Mechanics' SummerTNM; 30/90, SD/30"]
[Site "San Francisco"]
[Date "2014.07.01"]
[Round "6.27"]
[White "Zulkhuu, Amuuna"]
[Black "West, David Matthew"]
[Result "0-1"]
[WhiteElo "842"]
[BlackElo "1428"]
[Annotator "Donaldson"]
[PlyCount "38"]
[EventDate "2014.??.??"]

1. e4 e6 2. d4 d5 3. Nc3 c5 4. Nf3 Nc6 5. Bb5 Bd7 6. exd5 exd5 7. Nxd5 Be6 8.
Qe2 Qxd5 9. c4 Qd6 10. d5 a6 11. Bxc6+ bxc6 12. dxe6 fxe6 13. O-O O-O-O 14. Bf4
$2 (14. Ng5) 14... Qxf4 15. Qxe6+ Kc7 16. Ne5 Rd6 17. Qe8 Nf6 18. Qf7+ Kb6 $4 {
Diagram #} (18... Kb8 $17) 19. Nd7+ $4 (19. a4 $1 a5 20. Ra3 $18) 19... Rxd7
0-1

[Event "Mechanics' SummerTNM; 30/90, SD/30"]
[Site "?"]
[Date "2014.07.08"]
[Round "7"]
[White "Zulkhuu, Amuunaa"]
[Black "Malvar, Melchor"]
[Result "0-1"]
[WhiteElo "842"]
[BlackElo "1542"]
[Annotator "Donaldson"]
[PlyCount "44"]
[EventDate "2013.09.24"]

1. e4 c5 2. Nf3 Qb6 3. d4 cxd4 4. Nxd4 Nc6 5. Nf3 (5. Nb3 Nf6 6. Nc3 e6 7. Be3
Qc7 8. f4 d6 9. Bd3 Be7 10. O-O O-O) 5... d6 6. h3 Nf6 7. Nc3 e6 8. Bb5 a6 9.
Ba4 (9. Be3 Qc7 10. Bd3) 9... Be7 10. e5 (10. O-O O-O 11. Bb3 Bd7 12. Be3)
10... dxe5 11. Nxe5 O-O 12. Be3 (12. Bxc6 bxc6 13. O-O) 12... Qxb2 13. O-O (13.
Nxc6 bxc6 14. Bd2) 13... Qxc3 14. Bxc6 Qxe5 15. Ba4 Rd8 16. Qf3 Qe4 17. Qg3
Qxa4 18. h4 Bd6 19. Qg5 Qg4 20. Qa5 Bd7 21. Rfd1 Bb4 22. Qc7 Nd5 0-1

[Event "Mechanics' Winter TNM; 30/90, SD/30"]
[Site "San Francisco"]
[Date "2014.02.11"]
[Round "6.43"]
[White "Zulkhuu, Jamyandagva"]
[Black "Ayinala, Shreenidhi"]
[Result "0-1"]
[WhiteElo "908"]
[BlackElo "760"]
[Annotator "Donaldson"]
[PlyCount "88"]
[EventDate "2014.??.??"]

1. e4 c5 2. Nc3 Nc6 3. Bc4 Nf6 4. Nf3 d6 5. Ng5 e6 6. Bb5 g6 7. d4 a6 8. Ba4 $2
(8. Bxc6+ bxc6 9. dxc5 dxc5 $2 10. Qxd8+ Kxd8 11. Nxf7+) 8... b5 9. Bb3 c4 10.
Bxc4 bxc4 11. Qe2 Nxd4 12. Qxc4 Nxc2+ 13. Kf1 Nxa1 14. Qa4+ Bd7 15. Qd1 e5 16.
Nf3 Bg7 17. Bg5 O-O 18. Nd5 h6 19. Nxf6+ Bxf6 20. Bxh6 Bg7 21. Qd2 (21. Bxg7
Kxg7 22. Qxa1) 21... Nc2 22. Bg5 Qc8 23. Ke2 Bb5+ 24. Kd1 f6 25. Be3 Nxe3+ 26.
fxe3 Bd7 27. Ke2 Qc4+ 28. Kf2 Rac8 29. Ne1 Bh6 30. b3 Qxe4 31. Kf1 Bb5+ 32. Kg1
Bxe3+ 33. Qf2 Bxf2+ 34. Kxf2 Qe2+ 35. Kg3 Rc3+ 36. Nf3 e4 37. Re1 Qxe1+ 38. Kg4
f5+ 39. Kg5 Rxf3 40. gxf3 exf3 41. h4 f2 42. Kxg6 f1=R 43. h5 Rg1+ 44. Kh6 Rf6#
0-1

[Event "Mechanics' Winter TNM; 30/90, SD/30"]
[Site "San Francisco"]
[Date "2014.01.07"]
[Round "1.25"]
[White "Zulkhuu, Jamyandagva"]
[Black "Campers, Willie"]
[Result "0-1"]
[WhiteElo "908"]
[BlackElo "1791"]
[PlyCount "112"]
[EventDate "2014.??.??"]

1. e4 e6 2. d4 d5 3. Nc3 Nf6 4. e5 Nfd7 5. Bf4 c5 6. Nf3 cxd4 7. Nxd4 a6 8. Bd3
Nc5 9. Be2 Nc6 10. Nxc6 bxc6 11. Qd4 Rb8 12. Rb1 Qa5 13. b4 Qc7 14. Bd2 Nd7 15.
f4 c5 16. bxc5 Bxc5 17. Qa4 Rxb1+ 18. Nxb1 Qb6 19. Qb3 Bf2+ 20. Kd1 Qa7 21. Bc1
O-O 22. g4 Bb7 23. Qh3 Rd8 24. Bd3 Nf8 25. Rf1 Bc5 26. Nc3 a5 27. Na4 Be7 28.
Be3 d4 29. Bf2 Bc6 30. Nb2 Qb7 31. Kc1 Ba3 32. Kd1 Bxb2 33. Bh4 Rb8 34. Bf6 Bg2
35. Qh4 Bxf1 36. Bxf1 Qf3+ 37. Be2 Qh1+ 38. Qe1 Qxe1+ 39. Kxe1 Bc3+ 40. Kf2
gxf6 41. exf6 Rb2 42. Bd3 Rxa2 43. Kg3 Rb2 44. Kh4 a4 45. Kh5 a3 46. h4 Ng6 47.
Kh6 Bd2 48. g5 Bxf4 49. h5 Nf8 50. c3 dxc3 51. Bxh7+ Kh8 52. Bc2 Bxg5+ 53. Kxg5
Rxc2 54. Kh6 a2 55. Kg5 a1=Q 56. Kh6 Qc1# 0-1